Statistiken für Fußball WM Teilnehmer? #10

Klicken Sie hier um das Quiz zu spielen!

Allgemein

  • Dieses Quiz wurde 124 mal gespielt
  • Das Durchschnittsergebnis liegt bei 13 aus 15

Antwortstatistiken

HintAntwort% Korrekt
USAJa
97%
ÖsterreichJa
97%
TschechienJa
95%
KamerunJa
95%
NigeriaJa
95%
NorwegenJa
92%
WalesJa
92%
PakistanNein
90%
SlowakeiJa
86%
SyrienNein
83%
VietnamNein
83%
LettlandNein
82%
ThailandNein
74%
Vereinigte Arabische EmirateJa
60%
KuwaitJa
43%

Verteilung der Resultate

Perzentil nach korrekt beantworteten Fragen

Anzahl Personen mit jedem Resultat

Ihre Resultats-Entwicklung

Sie haben dieses Quiz noch nicht gespielt